Nová dedina okresné roľnícke noviny

Bibliographic Details
New Title:Slovo doby
Format: Journal
Language:Slovak
PhysicalDescription:9 zv. 30-43 cm
Published: Krupina ONV v Levoči 1952-1960
Subjects:

MARC

LEADER 00000cas a22000004a 4500
001 vtls010301741
003 SK-MaSNL
005 20260228163302.0
008 110810d19521960xo wr p 0 b0slo
040 |a SNK  |b slo  |c SNK  |e AACR2 
041 0 |a slo 
043 |a e-xo--- 
044 |a xo  |c SK 
072 7 |a 63  |x Poľnohospodárstvo a príbuzné oblasti vedy a techniky  |2 konspekt 
080 |a (437.642)  |2 2011 
080 |a (051)+(054)(437.6)  |2 2011 
080 |a 631  |2 2011 
130 0 |a Nová dedina (Krupina : 1952-1960)  |9 273579 
245 1 0 |a Nová dedina  |b okresné roľnícke noviny 
260 |a Krupina  |b ONV v Levoči  |c 1952-1960 
300 |a 9 zv.  |c 30-43 cm 
310 |a 1x týždenne 
362 0 |a Roč. I, č. 1 (máj 1952)-roč. IX, č. 5 (10.3.1960) 
500 |a Zmena podnázvu: od 1/1958, okresné roľnícke noviny, tlačový orgán rady ONV v Levoči 
500 |a Od 44/1953 výška formátu 43 cm 
500 |a Zodp. red. sa menia 
580 |a Splynuli s novinami Slovo doby 
650 0 7 |a poľnohospodárstvo  |2 SNKPH  |9 679 
651 7 |a Krupina (Slovensko : okres)  |2 SNKPHgeo  |9 74696 
655 7 |a regionálne periodiká  |2 SNKPH  |9 131775 
785 0 7 |t Slovo doby  |w vtls010302206 
910 |a snk 
999 |c 9147  |d 11077 
952 |0 0  |1 0  |4 0  |7 0  |a SNK  |b SNK  |d 2004-08-17  |i snkČSP 349/59  |l 0  |o snkČSB 719/7/1958  |p 17A0440227  |r 2005-01-02 00:00:00  |w 2026-02-21  |y PREZ 
952 |0 0  |1 0  |4 0  |7 0  |a SNK  |b SNK  |d 2004-08-17  |i snkII. 2297/55  |l 0  |o snkČSB 719/3/1954  |p 17A0440225  |r 2005-01-02 00:00:00  |w 2026-02-21  |y PREZ 
952 |0 0  |1 0  |4 0  |7 0  |a SNK  |b SNK  |d 2004-08-16  |i snkII. 1260/54  |l 0  |o snkČSB 719/2/1953  |p 17A0436203  |r 2005-01-02 00:00:00  |w 2026-02-21  |y PREZ 
952 |0 0  |1 0  |4 0  |7 0  |a SNK  |b SNK  |d 2004-08-17  |i snk 830/53  |l 0  |o snkČSB 719/1/1952  |p 17A0440183  |r 2005-01-02 00:00:00  |w 2026-02-21  |y PREZ 
952 |0 0  |1 0  |4 0  |7 0  |a SNK  |b SNK  |d 2004-08-17  |l 0  |o snkČSB 719/6/1957/príl.  |p 17A0440315  |r 2005-01-02 00:00:00  |w 2026-02-21  |y PREZ 
952 |0 0  |1 0  |4 0  |7 0  |a SNK  |b SNK  |d 2004-08-17  |i snkČSP 1695/61  |l 0  |o snkČSB 719/9/1960  |p 17A0440228  |r 2005-01-02 00:00:00  |w 2026-02-21  |y PREZ 
952 |0 0  |1 0  |4 0  |7 0  |a SNK  |b SNK  |d 2004-08-17  |i snkČSP 1242/61  |l 0  |o snkČSB 719/8/1959  |p 17A0440182  |r 2005-01-02 00:00:00  |w 2026-02-21  |y PREZ 
952 |0 0  |1 0  |4 0  |7 0  |a SNK  |b SNK  |d 2004-08-17  |i snkČSP 361/58  |l 0  |o snkČSB 719/6/1957  |p 17A0440155  |r 2005-01-02 00:00:00  |w 2026-02-21  |y PREZ 
952 |0 0  |1 0  |4 0  |7 0  |a SNK  |b SNK  |d 2004-08-17  |i snkČSP 619/57  |l 0  |o snkČSB 719/5/1956  |p 17A0440210  |r 2005-01-02 00:00:00  |w 2026-02-21  |y PREZ 
952 |0 0  |1 0  |4 0  |7 0  |a SNK  |b SNK  |d 2004-08-17  |i snkČSP 204/56  |l 0  |o snkČSB 719/4/1955  |p 17A0440226  |r 2005-01-02 00:00:00  |w 2026-02-21  |y PREZ